000
00321nam a2200133Ia 4500
008
220216s9999 xx 000 0 und d
100
_a
Jacob Jom
245
0
_a
Fallacies galore as prices slump
260
_b
Rubber Asia
_c
2015
300
_a
74-80
500
_a
Source Year: 2015
650
_a
Rubber price
942
_c
JS
999
_c
59277
_d
59277